Methods of teaching physical science / (Record no. 81600)

MARC details
000 -LEADER
fixed length control field 00661nam a22002177a 4500
005 - DATE AND TIME OF LATEST TRANSACTION
control field 20140108124820.0
010 ## - LCCN (DPL NO)
LC control number ENG-108959
020 ## - INTERNATIONAL STANDARD BOOK NUMBER
International Standard Book Number 9788183165167
Terms of availability 225.00
035 ## - SYSTEM CONTROL NUMBER
System control number EN-92492
037 ## - SOURCE OF ACQUISITION
Source of stock number/acquisition DBAD/PUB
082 ## - DEWEY DECIMAL CLASSIFICATION NUMBER
Classification number 530.071
100 ## - MAIN ENTRY--PERSONAL NAME
Personal name Nagaraju, M.T.V.
245 ## - TITLE STATEMENT
Title Methods of teaching physical science /
Statement of responsibility, etc by M.T.V. Nagaraju [and] Vanaja, M.
260 ## - PUBLICATION, DISTRIBUTION, ETC. (IMPRINT)
Place of publication, distribution, etc Hyderabad
Name of publisher, distributor, etc Neelkamal Publications
Date of publication, distribution, etc 2014
270 ## - ADDRESS
Address Sultan Bazar
City Hyderabad
Postal code 500095
300 ## - PHYSICAL DESCRIPTION
Extent xii,316p.
Dimensions 24cm(pbk)
500 ## - GENERAL NOTE
General note Includes bibliographical references
700 ## - ADDED ENTRY--PERSONAL NAME
Personal name Nagaraju, M.T.V.
700 ## - ADDED ENTRY--PERSONAL NAME
Personal name Vanaja, M.
942 ## - ADDED ENTRY ELEMENTS (KOHA)
Source of classification or shelving scheme Dewey Decimal Classification
Item type English Books
Call number suffix NAG
Classification part 530.071
Holdings
Withdrawn status Lost status Not for loan Collection code Home library Current library Date acquired Source of acquisition Cost, normal purchase price Full call number Barcode Copy number Cost, replacement price Koha item type
    Not For Loan Non-fiction D.B.Act.Division D.B.Act.Division 01/01/2014 DBAD/PUB 225.00 530.071 NAG EN-92492 1 225.00 English Books

© Delhi Public Library
Hit Counter
free hit counter